Представление документа в формате MARC21

Поле Инд. ПП Название Значение
Тип записи a
Библиографический уровень m
001 Контрольный номер UNIDUBNA9bc9615e2d434b06ba1c17d4d331d19d
005 Дата корректировки 20260413103606.6
008 Кодируемые данные 20090527
020 a ISBN 978-5-89160-215-1
041 0_ a Код языка текста rus
084 a Индекс другой классификации/Индекс ББК 20.173я73
097 00 a 230
100 10 a Автор Казанцева А. Г.
100 1_ a Автор Логиновская А. Н.
245 00 a Заглавие Нормирование и снижение загрязнения окружающей среды
b Продолж. заглавия учебно-методическое пособие
260 00 a Место издания Санкт-Петербург
b Издательство СПбГУТ им. М.А. Бонч-Бруевича
c Дата издания 2021
300 00 a Объем 64 с.
b Иллюстрации/ тип воспроизводства ил.
336 a Термин вида содержания Текст
337 a Термин типа средства электронный
521 00 a Примеч. о целев. назн. бакалавриат
a Примеч. о целев. назн. магистранты
650 04 a Основная рубрика охрана окружающей среды
a Основная рубрика экология
653 0_ a Ключевые слова загрязнение биосферы
a Ключевые слова загрязнение воды
a Ключевые слова загрязнение воздуха
a Ключевые слова загрязнение земель
a Ключевые слова обращение с отходами
a Ключевые слова расчетные методики
a Ключевые слова санитарно-гигиеническое нормирование
a Ключевые слова техногенные нагрузки
a Ключевые слова экологическое нормирование
655 00 a Жанр/ форма (устаревшее) учебное пособие
856 40 a Имя сервера/домена ЭБС "Лань"
d Путь http://e.lanbook.com/
i Указания/сценарий входа Доступ по логину и паролю
u URL https://e.lanbook.com/book/180027
v Время доступа к ресурсу 10.04.2027
y Справочный текст Электронная версия
900 x Справочная информация Полный текст
901 t Тип документа 0
952 a Тип литературы для КСУ ВШ УИ